| 000 | 00567cam a2200217 a 4500 | ||
|---|---|---|---|
| 008 | |||
| 020 | _a0434919780 (pbk) | ||
| 049 | _aMAIN | ||
| 090 | _aTA1800 | ||
| 100 | 1 | _aTricker, Raymond L. | |
| 245 | 1 | 0 | _aOptoelectronic line transmission. |
| 260 |
_aOxford _bHeinemann Newnes, _c1989. |
||
| 300 | _a161 p. | ||
| 650 | 0 | _aData transmission systems. | |
| 650 | 0 | _aFiber optics. | |
| 907 |
_a.b10067607 _b09-11-05 _c17-04-03 |
||
| 003 | |||
| 005 | 20230123133918.0 | ||
| 040 | _cNUST | ||
| 942 |
_cBOOKS _kTA1800 |
||
| 999 |
_c156748 _d156748 |
||